MDQL
is popping MORE tags! Check the
thread
!
Quizzes
Events
Quiz Creation
Community
Videos
Private Events
Remove Ads
Sign In
Join for FREE
Feedback
Dark Mode
Quiz Categories
Sports
Geography
Music
Movies
Television
Just For Fun
Miscellaneous
History
Literature
Language
Science
Gaming
Entertainment
Religion
Holiday
For Kids
Quiz Lab
Recent
Popular Today
Quiz Kudos Today
Editor Picks
Curator Picks
Quizzes by...
Day
Popularity
Type
Ratings
Length
Year
Community
Subscriptions
Recent Discussions
Orange Saloon
Badges
Playlists
Quests
Create
Leaderboards
Showdown
Live 5
Trivia Bingo
Activity
Puzzle Library
Sporcle Events
Private Events
Virtual Trivia
Globe League
Become a Host
Pub Owners
SporcleCon
Opinionation
Our Games
Videos
Blog
Mobile Apps
Partnerships
Remove Ads and Go Orange
Feedback
Television
TV Characters
TV Show
Sitcom
Network
Friends
Reality Shows
Cast
South Park
Star Trek
The Simpsons
Doctor Who
Television
TV Characters
TV Show
Sitcom
Network
Friends
Reality Shows
Cast
South Park
Star Trek
The Simpsons
Doctor Who
Random Quiz
Search Sporcle
×
Quiz Lab
Quiz Lab
Television
Cartoons
Type in answers that appear in a list
Type in answers that appear in a list
Classic
Best Score? Go Orange.
Magic School Bus: Molly Cule's Song Stats
Can you name the lyrics to 'Down to the Very Last Bit'?
By
MortalAnonymous
8m
233 Questions
113 Plays
113 Plays
113 Plays
Comments
Comments
Give Quiz Kudos
Give Quiz Kudos
-
- Ratings
hide this ad
Replay
Link that replays current quiz
Next Quiz
Link to next quiz in quiz playlist
You Got
0%
They Got
Avg Score
54%
Avg Friend Score
Upgrade to see
Score Distribution
Jump to the score distribution portion of the page
Score
0/233
Timer
08:00
0
Plays Today
Lyrics
% Correct
down
87.6%
down
87.6%
(Down,
87.6%
down,
87.6%
Down,
87.6%
down
87.6%
doooown..!
87.6%
(Down,
87.6%
down,
87.6%
Down!
87.6%
Down!
87.6%
Down!
87.6%
Down!
87.6%
down
87.6%
down
87.6%
down
87.6%
to
86.7%
to
86.7%
the
86.7%
to
86.7%
the
86.7%
the
86.7%
to
86.7%
the
86.7%
to
86.7%
the
86.7%
to
86.7%
the
86.7%
to
86.7%
the
86.7%
the
86.7%
to
86.7%
the
86.7%
to
86.7%
the
86.7%
to
86.7%
the
86.7%
to
86.7%
the
86.7%
last
83.2%
last
83.2%
last
83.2%
last
83.2%
last
83.2%
last
83.2%
very
82.3%
bit.
82.3%
very
82.3%
bit.
82.3%
very
82.3%
bit.
82.3%
very
82.3%
bit.)
82.3%
very
82.3%
bit.)
82.3%
very-
82.3%
VERY-
82.3%
very
82.3%
bit!
82.3%
I
80.5%
I
80.5%
I
80.5%
I
80.5%
I
80.5%
I
80.5%
I
80.5%
I
80.5%
I
80.5%
I
80.5%
a
74.3%
a
74.3%
A
74.3%
a
74.3%
A
74.3%
a
74.3%
a
74.3%
a
74.3%
a
74.3%
Lyrics
% Correct
a
74.3%
you,
73.5%
you
73.5%
you,
73.5%
You
73.5%
you
73.5%
you,
73.5%
you
73.5%
you
73.5%
you,
73.5%
you
73.5%
you,
73.5%
you
73.5%
you...
73.5%
love
59.3%
love
59.3%
love
59.3%
love
59.3%
love
59.3%
we
54.9%
see
54%
see
54%
see...
54%
see
54%
molecules..!
53.1%
molecules
53.1%
molecules
53.1%
my
50.4%
of
50.4%
of
50.4%
of
50.4%
of
50.4%
of
50.4%
my
50.4%
of
50.4%
of
50.4%
can
49.6%
can
49.6%
and
47.8%
And
47.8%
and
47.8%
And
47.8%
And
47.8%
And
47.8%
Well,
46%
Well
46%
Well
46%
Yeah...
45.1%
yeah...
45.1%
Yeah!
45.1%
GO,
44.2%
billion
43.4%
billion
43.4%
know
43.4%
billion!
43.4%
know
43.4%
know
43.4%
know
43.4%
know
43.4%
eyes
42.5%
for
42.5%
million
41.6%
million!
41.6%
in
41.6%
in
41.6%
look
40.7%
at
40.7%
babe
40.7%
tiny
40.7%
babe
40.7%
tiny
40.7%
babe
40.7%
Babe
40.7%
Babe
40.7%
trillion
39.8%
be
39.8%
TRILLION
39.8%
Or
38.9%
Lyrics
% Correct
Or
38.9%
Or
38.9%
on
38.9%
or
38.9%
when
38.1%
So
38.1%
three!
38.1%
'em
38.1%
'em
38.1%
like
37.2%
are
37.2%
dog!
37.2%
knife!
37.2%
them
36.3%
cat!
36.3%
bunch
35.4%
many
34.5%
teeny
34.5%
hundred
34.5%
teeny
34.5%
teeny
34.5%
there
33.6%
fork!
32.7%
girl!
31.9%
pair
31%
goin'
31%
fools...
30.1%
Seven
30.1%
thousand
30.1%
precise!
30.1%
It's
30.1%
it's
30.1%
twenty
29.2%
rice...
29.2%
rice!)
29.2%
up
29.2%
find
29.2%
'Cuz
28.3%
micro
28.3%
grain
28.3%
(Grain
28.3%
nine
28.3%
life...
28.3%
life!)
28.3%
Earth!
28.3%
crazy
27.4%
Eighty
27.4%
Oh
27.4%
inside
26.5%
I'm
26.5%
got
25.7%
blocks
25.7%
(Blocks
25.7%
but
25.7%
what
25.7%
building
24.8%
planet
23.9%
They're
23%
air
23%
they're
23%
They're
23%
off
23%
out
22.1%
sleeve!
22.1%
worth..!
22.1%
everything
21.2%
that's
21.2%
breathe..!
20.4%
couple
20.4%
bitty
20.4%
really
20.4%
about
19.5%
ocean
19.5%
mini
18.6%
itty
18.6%
hard
18.6%
mighty
17.7%
Quiz Playlist
Details
Report
Send in Message
Add To Playlist
Classic:
Type in answers that appear in a list
Last Updated: Feb 16, 2017
Quiz Scoreboard
CHALLENGE
Sign Up to Join the Scoreboard
Show All
Scores
Hide
Comments
May contain spoilers
Recently Published
Colored Red Africa Blitz
by spor1
Geography
30s
Find the 'City' Movie
by crazypaving
Movies
60s
5x2 Blitz: Bands
by SL_Kpop136
Music
30s
More to Explore
Quiz From the Vault
Featured Blog Post
14 Easter Pick-up Lines to Find Eggs With
hide this ad
You Might Also Like...
Tags
Cartoons Quiz
Lyrics Quiz
Singers Quiz
Song Quiz
TV Show Quiz
bus
magic
molecule
pbs
PBS Kids
school
Today's Top Quizzes in Television
Browse Television
hide this ad
Today's Top Quizzes in Cartoons
Browse Cartoons
Top Contributed Quizzes in Television
1
Survivor Journey Challenge
2
Brooklyn Nine Nine Logic Puzzle (How-To-Play)
3
Phoebe Buffay Quotes
4
One Tree Hill Logic Puzzle
5
Survivor Logic Puzzle: Heroes vs. Villains
6
Survivor Trivia
7
Game of Thrones: Tywin Lannister Start to Finish
8
All US Survivor Seasons in Order
9
Emmerdale Characters (from August 2012)
10
Survivor Trivia #6: Criteria Quiz!
Explore More
Trending Topics
Marvel
NBA
Anime
Kpop
Crossword
Harry Potter
Disney
Country
Soccer
Pokémon
The Office
Puzzle
NFL
Song
WWE
hide this ad
More By:
MortalAnonymous
Quiz
Plays
Rating
Category
Featured
Created
The Magic School Bus Theme Song
497
5.00
Television
Aug 5, 2012
What's New Scooby-Doo? Lyrics
379
5.00
Television
Sep 29, 2012
MLP:FIM - Extended Opening Lyrics
218
5.00
Television
Mar 16, 2017
Magic School Bus Trivia
167
Television
Aug 9, 2012
Misc. Obscure Simpsons Trivia
146
3.67
Television
Jul 2, 2012
Go to Creator's Profile
Score Distribution
Quiz Creator Spotlight
MortalAnonymous
Follow
Send a Message
Quizzes Created
-
Created Quiz Play Count
-
More By This Creator
Popular Quizzes Today
1
Find the 'City' Movie
2
5x2 Blitz: Bands
3
Colored Red Africa Blitz
4
Find the US States - No Outlines Minefield
5
The Countries of the World
6
Find the US States
7
9x9 Crossword: Cartoon Network
8
US States
More Television Quizzes
Alphabet Soup: 70's TV
Quiz Lab
Trending Quizzes
Colored Red Europe Blitz I
Colored Red Africa Blitz II
Colored Red Africa Blitz III
Colored Red Europe Blitz III
Colored Red Europe Blitz II
Recently Updated
Champions League XIs: Real Madrid
pecheneg
Largest US Cities 1790-2010
pecheneg
Rides in Walt Disney World
pecheneg
Most Oscar Losses (Acting)
pecheneg
Beyoncé Albums
pecheneg
Leaping Animals
pecheneg
Reality TV Shows (A-Z)
bhenderson79
Rickey Henderson's Hall of Fame Teammates
pecheneg
Champions League XIs: Arsenal
pecheneg
Quick Pick: Celebrities in WWE's Hall of Fame
aduchscher
Trending Topics
Anime
Kpop
Crossword
NBA
Marvel
Harry Potter
Disney
NFL
Song
WWE
Soccer
Pokémon
Puzzle
Country
The Office
Your Account Isn't Verified!
In order to create a playlist on Sporcle, you need to verify the email address you used during registration. Go to your
Sporcle Settings
to finish the process.
Report this User
Report this user for behavior that violates our
Community Guidelines
.
Details:
Send Report
Go to the Sporcle.com Mobile Site →
Comments